Welcome to the Holygrace Academy Library

Please use search bar below to get started

SOLDIER MOM (Record no. 3538)

MARC details
000 -LEADER
fixed length control field 00375nam a22001457a 4500
020 ## - INTERNATIONAL STANDARD BOOK NUMBER
ISBN 0-440-22900-6
082 ## - DEWEY DECIMAL CLASSIFICATION NUMBER
Classification number 823
Item number MEA/S
100 ## - MAIN ENTRY--AUTHOR NAME
Personal name MEAD, ALICE
245 ## - TITLE STATEMENT
Title SOLDIER MOM
260 ## - PUBLICATION, DISTRIBUTION, ETC. (IMPRINT)
Place of publication NEW YORK
Name of publisher DELL YEARLING
Year of publication 1999
300 ## - PHYSICAL DESCRIPTION
Number of Pages 152
520 ## - SUMMARY, ETC.
Summary, etc A single parent is suddenly called to serve in the Persian Gulf War.<br/>
650 ## - SUBJECT ADDED ENTRY--TOPICAL TERM
Topical Term NOVEL
Geographic subdivision UNITED STATES
942 ## - ADDED ENTRY ELEMENTS (KOHA)
Koha item type Books
Holdings
Withdrawn status Lost status Collection code Home library Current library Shelving location Date acquired Source of acquisition Full call number Accession Number Koha item type
    Fiction Main Library Main Library SHELF 14 H ALPHEBETICAL - M-FICTION 18/06/2010 purchase 823 MEA/S 05434 Books